[Event "Asia-ch U20"]
[Site "Jamshedpur"]
[Date "2023.09.12"]
[Round "6"]
[White "Vihaan, Karthikeya N"]
[Black "Ankit, Ray"]
[Result "1-0"]
[WhiteElo "1615"]
[BlackElo "2058"]
[PlyCount "59"]
[EventDate "2023.09.09"]
[EventType "swiss"]
[EventRounds "9"]
[EventCountry "IND"]
[SourceTitle "EXT 2024"]
[Source "ChessBase"]
[SourceDate "2023.10.10"]
[SourceVersion "1"]
[SourceVersionDate "2023.10.10"]
[SourceQuality "1"]

1. d4 Nf6 2. c4 e6 3. Nc3 Bb4 4. a3 Bxc3+ 5. bxc3 c5 6. e3 b6 7. Bd3 Bb7 8. f3 Nc6 9. Ne2 0-0 10. e4 d6 11. 0-0 Qc7 12. d5 Na5 13. Bg5 Nd7 14. f4 h6 15. Bh4 Rfe8 16. Ng3 Ba6 17. dxe6 Rxe6 18. f5 Ree8 19. f6 g6 20. Qd2 Kh7 21. Nf5 gxf5 22. e5 Rh8 23. Bxf5+ Kg8 24. exd6 Qd8 25. Rae1 Bxc4 26. Rf3 Kf8 27. Re7 Be6 28. Bxe6 fxe6 29. Bg5 hxg5 30. Qxg5 1-0